000 00832nam a2200229Ia 4500
003 GCL
008 140319s9999 xx 000 0 ara d
040 _aGCL /
_cGCL
082 0 4 _a229.1
_bم ق
100 1 _aعبدالصبور شاهين
245 1 0 _aقبل ظهور الفرق والمذاهب :
_bالسنة النبوية حقيقة قرانية /
_cعبدالصبور شاهين
700 1 _aمحمد السعيد مشتهرى
250 _aالاولى
260 _aالقاهرة :
_bدار مصر المحروسة ،
_c2006
300 _a599 ص ؛
_c24 سم
650 0 4 _aالقران - سور وايات
650 0 4 _aالقران - فضائل
650 0 4 _aالقران، علوم
650 0 4 _aالسنة - روايتها واقسامها
650 0 4 _aالقران - مباحث عامة
942 _2ddc
_cBK
999 _c8630
_d8630